<?xml version="1.0" encoding="UTF-8"?>
<record
    xmlns:xsi="http://www.w3.org/2001/XMLSchema-instance"
    xsi:schemaLocation="http://www.loc.gov/MARC21/slim http://www.loc.gov/standards/marcxml/schema/MARC21slim.xsd"
    xmlns="http://www.loc.gov/MARC21/slim">

  <leader>01484nam a2200217Ia 4500</leader>
  <controlfield tag="001">b6072-42319 </controlfield>
  <controlfield tag="003">IT-MiCISF</controlfield>
  <controlfield tag="008">161014s9999||||xx |||||||||||||| ||und||</controlfield>
  <datafield tag="040" ind1=" " ind2=" ">
    <subfield code="a">IT-MiCISF</subfield>
    <subfield code="c">IT-MiCISF</subfield>
  </datafield>
  <datafield tag="041" ind1=" " ind2=" ">
    <subfield code="a">it</subfield>
  </datafield>
  <datafield tag="100" ind1=" " ind2=" ">
    <subfield code="a">Dimen Muriel (a cura di)</subfield>
  </datafield>
  <datafield tag="245" ind1=" " ind2="0">
    <subfield code="a">La decostruzione del genere</subfield>
    <subfield code="b">Teoria femminista, cultura postmoderna e clinica psicoanalitica</subfield>
  </datafield>
  <datafield tag="250" ind1=" " ind2=" ">
    <subfield code="a">1a ed.</subfield>
  </datafield>
  <datafield tag="260" ind1=" " ind2=" ">
    <subfield code="a"> Milano</subfield>
    <subfield code="b">Il Saggiatore</subfield>
    <subfield code="c">2006 [Edizione originale: 2002]</subfield>
  </datafield>
  <datafield tag="300" ind1=" " ind2=" ">
    <subfield code="a">pp. 350</subfield>
  </datafield>
  <datafield tag="500" ind1=" " ind2=" ">
    <subfield code="a">Prefazione dell'edizione italiana di V. Lingiardi, Dimen M., Goldner V., Butler J., Corbett K., Harris A., Aron L., Bassin D., Benjamin J., Magee M., Miller D.C., Chodorow N.J., Labidi L., Layton L., Leary K., Rivera M. / persona, identit&#xE0;-sessuale, differenza-sessuale, psicoanalisi, femminismo, omosessualit&#xE0;, terapia, case-studies / Se nella visione moderna il genere costituisce una categoria fondativa e transtorica della mente e della cultura, nel pensiero postmoderno - di cui il presente volume &#xE8; un esempio - &#xE8; visto come una costruzione sociale fluida e mutevole, una risorsa simbolica che non solo agisce su di noi, ma di cui possiamo disporre. Gli AA. quindi non tentano pi&#xF9; di rispondere alla domanda (ritenuta superata) "cos'&#xE8; il genere", bens&#xEC; ad un interrogativo ritenuto nuovo e pi&#xF9; urgente: "il genere esiste?".</subfield>
  </datafield>
  <datafield tag="650" ind1=" " ind2=" ">
    <subfield code="a"> Identit&#xE0; e genere / persona</subfield>
    <subfield code="e">003</subfield>
  </datafield>
  <datafield tag="700" ind1=" " ind2=" ">
    <subfield code="a">Goldner Virginia (a cura di)</subfield>
  </datafield>
  <datafield tag="942" ind1=" " ind2=" ">
    <subfield code="c">BK</subfield>
  </datafield>
  <datafield tag="957" ind1=" " ind2=" ">
    <subfield code="7">1</subfield>
  </datafield>
  <datafield tag="999" ind1=" " ind2=" ">
    <subfield code="a">42319</subfield>
    <subfield code="b">si</subfield>
    <subfield code="g">1</subfield>
    <subfield code="c">211006</subfield>
    <subfield code="d">211006</subfield>
  </datafield>
  <datafield tag="952" ind1=" " ind2=" ">
    <subfield code="0">0</subfield>
    <subfield code="1">0</subfield>
    <subfield code="4">0</subfield>
    <subfield code="6">B_607242319</subfield>
    <subfield code="7">1</subfield>
    <subfield code="a">CISF</subfield>
    <subfield code="b">CISF</subfield>
    <subfield code="d">2016-10-14</subfield>
    <subfield code="l">0</subfield>
    <subfield code="o">b6072-42319 </subfield>
    <subfield code="r">2016-10-14 00:00:00</subfield>
    <subfield code="w">2016-10-14</subfield>
    <subfield code="y">BK</subfield>
    <subfield code="z">Data import 15.10.2016 / by Epidotti, Vaglietti</subfield>
  </datafield>
</record>
